Cantores Brasileiros por Foto - Statistics

Estatísticas Gerais
  • Esse quiz foi jogado 1 366 vezes
  • A pontuação média é 14 de 20
Estatísticas das Respostas
Imagem Resposta % Correto
Roberto Carlos
99%
Luan Santana
94%
Tim Maia
93%
Gusttavo Lima
91%
Leonardo
90%
Zeca Pagodinho
87%
Caetano Veloso
81%
Fábio Jr.
78%
Djavan
77%
Vitor Kley
72%
Dilsinho
62%
Milton Nascimento
59%
Samuel Rosa
57%
Tiago Iorc
57%
Alexandre Pires
55%
Nando Reis
54%
Zé Ramalho
52%
Raimundo Fagner
38%
Toquinho
30%
Frejat
28%
Nenhum quiz correspondente encontrado
Distribuição das Pontuações
Porcentagem de Pessoas com Cada Pontuação
Percentil de Números Respondidos
Sua Pontuação Histórica
Você não jogou esse quiz